000 01461nam a2200265Ia 4500
999 _c52886
_d52886
001 19916
003 GE_BSU
005 20200509194337.0
008 181216s1967||||ge |||||||||||||| ||geo||
040 _cGE_BSU
041 _ageo
080 _a81(479.22)(092) ძ-63
100 _aძიძიგური, შოთა
_98034
245 _aაკაკი შანიძე :
_b[ცხოვრება და შემოქმედება] /
_c შოთა ძიძიგური ; რედ. გ. შალამბერიძე.
264 _aთბილისი :
_bთბილ. უნ-ტის გამ-ბა,
_c1967.
300 _a115 გვ. :
_b5 ფ. პორტრ. ;
_c22 სმ.
500 _aაკაკი შანიძის ნაშრომთა ბიბლიოგრაფია : გვ. 78-105
501 _aანბანური საძიებელი, საგნობრივი საძიებელი გვ. 106-114
541 _h1ლ.80თ.
653 _aაკაკი შანიძე : [ცხოვრება და შემოქმედება]
653 _aქართველი ენათმეცნიერები
653 _aნათმეცნიერება - ბიბლიოგრაფია აკაკი შანიძე
700 _aშალამბერიძე, გ.
_eრედაქტორი
_98035
942 _cBK
_2udc